000 00500nam a2200121Ia 4500
008 171212s9999 xx 000 0 und d
020 _a9780833081667
100 _aHemenway, Brett;Welser, William IV;Baiocchi, Dave
245 _cHemenway, Brett;Welser, William IV;Baiocchi, Dave
_aAchieving Higher-Fidelity Conjunction Analyses Using Cryptography to Improve Information Sharing
260 _bRAND Corporation
_c2014
650 _aTechnology
856 _uhttp://www.jstor.org/stable/10.7249/j.ctt5vjx8q
999 _c351673
_d351673